Learning Resource and Development

Buying and merchandising (Record no. 3470)

MARC details
000 -LEADER
fixed length control field 00758nam a22002657a 4500
005 - DATE AND TIME OF LATEST TRANSACTION
control field 20230512221846.0
008 - FIXED-LENGTH DATA ELEMENTS--GENERAL INFORMATION
fixed length control field 180418t xxu||||| |||| 00| 0 eng d
020 ## - INTERNATIONAL STANDARD BOOK NUMBER
International Standard Book Number 9789351154778
040 ## - CATALOGING SOURCE
Transcribing agency CSPC
082 0# - DEWEY DECIMAL CLASSIFICATION NUMBER
Classification number 658
Item number B992
245 00 - TITLE STATEMENT
Title Buying and merchandising
260 ## - PUBLICATION, DISTRIBUTION, ETC.
Place of publication, distribution, etc. UAE :
Name of publisher, distributor, etc. 3G Elearning
Date of publication, distribution, etc. 2015.
300 ## - PHYSICAL DESCRIPTION
Extent vi, 263 pages :
Other physical details figures, images ;
Dimensions 23 cm. +
Accompanying material 1 computer disc
336 ## - CONTENT TYPE
Source rdacontent
Content type term text
337 ## - MEDIA TYPE
Source rdamedia
Media type term unmediated
337 ## - MEDIA TYPE
Source rdamedia
Media type term computer
338 ## - CARRIER TYPE
Source rdacarrier
Carrier type term volume
338 ## - CARRIER TYPE
Source rdacarrier
Carrier type term computer disc
650 10 - SUBJECT ADDED ENTRY--TOPICAL TERM
Topical term or geographic name entry element Merchandising.
650 10 - SUBJECT ADDED ENTRY--TOPICAL TERM
Topical term or geographic name entry element Purchasing.
940 ## - EQUIVALENCE OR CROSS-REFERENCE--UNIFORM TITLE [OBSOLETE] [CAN/MARC only]
Uniform title <a href="YVES">YVES</a>
942 ## - ADDED ENTRY ELEMENTS (KOHA)
Koha item type
-- CIR 658 B992 2015
Holdings
Withdrawn status Lost status Source of classification or shelving scheme Damaged status Not for loan Home library Current library Shelving location Date acquired Total Checkouts Full call number Barcode Date last seen Copy number Price effective from Koha item type
          Main Library Main Library Circulation Section 05/12/2023   CIR 658 B992 2015 018124 05/12/2023 1 05/12/2023 Books